| 000 | 01003nam0a22002651 4500 | ||
|---|---|---|---|
| 001 | rc\4595401 | ||
| 005 | 20260406194629.0 | ||
| 021 |
_aRU _bРг4008-65 |
||
| 035 | _a(NLR Aleph) 008385929 | ||
| 090 |
_a9147001 _c9147001 |
||
| 100 | _a20130416d1965 |||y0rusy50 ca | ||
| 101 | 0 | _arus | |
| 102 | _aRU | ||
| 105 | _ay z ||||| | ||
| 200 | 1 |
_aМетоды чистки декоративно-отделочных тканей _fГл. упр. бытового обслуживания населения при Совете Министров УССР. ЦБТИ |
|
| 210 |
_aКиев _cБ. и. _d[1965] |
||
| 215 |
_a8 с. _d20 |
||
| 300 | _aОтпеч. множит. аппаратом | ||
| 300 | _aБез тит. л. и обл. | ||
| 712 | 0 | 1 |
_aУССР _bГлавное управление бытового обслуживания населения _3RU\NLR\AUTH\889957776 _9411631 |
| 801 | 0 |
_aRU _bNLR _gpsbo |
|
| 801 | 1 |
_aRU _bELAR _2rusmarc |
|
| 852 |
_aNLR _j65-4/7018 |
||
| 942 | _cBOOK | ||
| 980 | _aNB | ||